Central Library OPAC University of Rajshahi

The quintessence of Islam : (Record no. 32764)

MARC details
000 -LEADER
fixed length control field 00957nam a22002652a 4500
001 - CONTROL NUMBER
control field 32764
003 - CONTROL NUMBER IDENTIFIER
rucl marc code BD-RjUL
005 - DATE AND TIME OF LATEST TRANSACTION
control field 20211209051906.0
008 - FIXED-LENGTH DATA ELEMENTS--GENERAL INFORMATION
fixed length control field 140428s19601958ii 000 0 eng d
035 ## - SYSTEM CONTROL NUMBER
System control number OCLC ocm01315658 from D951111M
-- (BD-RjUL)32854
040 ## - CATALOGING SOURCE
Original cataloging agency DLC
Transcribing agency ORL
Modifying agency OCL
-- UKM
-- BD-RjUL
Language of cataloging eng
041 ## - LANGUAGE CODE
Language code of text/sound track or separate title eng
082 ## - DEWEY DECIMAL CLASSIFICATION NUMBER
Classification number 297.12
Author mark and year HUQ 1960
100 1# - MAIN ENTRY--PERSONAL NAME
Personal name Ḥusain, Ashfāq
9 (RLIN) 99629
245 14 - TITLE STATEMENT
Title The quintessence of Islam :
Remainder of title a summary of the commentary of Maulana Abul Kalam Azad on al-Fateha, the first chapter of the Quran /
250 ## - EDITION STATEMENT
Edition statement [2d ed.]
260 ## - PUBLICATION, DISTRIBUTION, ETC. (IMPRINT)
Place of publication, distribution, etc. Bombay ;
-- New York :
Name of publisher, distributor, etc. Asia Pub. House,
Date of publication, distribution, etc. 1960.
300 ## - PHYSICAL DESCRIPTION
Pagination [6] 92 p. ;
Size 20 cm
500 ## - GENERAL NOTE
General note First ed. published in 1958 under title: The spirit of Isiam
650 ## - SUBJECT ADDED ENTRY--TOPICAL TERM
Topical term or geographic name as entry element Qurʼan
Form subdivision Commentaries
General subdivision Sūrat al-Fātiḥah
9 (RLIN) 99630
700 1# - ADDED ENTRY--PERSONAL NAME
Personal name Āzād, Abūlkalām,
Dates associated with a name 1888-1958.
942 ## - ADDED ENTRY ELEMENTS (KOHA)
Source of classification or shelving scheme Dewey Decimal Classification
Koha item type Books
Holdings
Lost status Source of classification or shelving scheme Damaged status Not for loan Collection code Permanent Location Current Location Shelving location Date acquired Source of acquisition Cost, normal purchase price Total Checkouts Full call number Date last seen Copy number Koha item type
  Dewey Decimal Classification   Not For Loan Non-fiction Central Library, University of Rajshahi Central Library, University of Rajshahi Reading Room 10/08/1964 Zeitlinger 12.00   297.12 HUQ 1960 28/04/2014 C-1 Books